000 00600nam a2200241 a 4500
001 0001-0959
003 ELIB.Books
008 140912 2010 eng
020 _a0836136241
035 _a(ELIB.Books)0001-1113
092 _a261.832
_bHeg
100 _aHeggen, Darolyn Holderread
245 _aSexual Abuse
260 _aScottdale
_bHerald Press
_c1993
300 _a207
_c21 Cm
500 _aDr. Yahalaylayla
650 _aSexual Abuse
856 _nKBTS; Library
_uKBTS; Elib.
942 _2ddc
_cBK
990 _a1
998 _cbat
_e2014-09-12
999 _c10959
_d10959